| 000 | 01713nam a2200349 a 4500 | ||
|---|---|---|---|
| 005 | 2009121208588.0 | ||
| 008 | 060703r20082006mnua j 000 1 eng | ||
| 010 | _aB-384982-985 | ||
| 020 |
_a9781846470189 _c110.00 |
||
| 035 | _aB-384982-985 | ||
| 037 | _bBlueberry Books | ||
| 040 |
_adpl _bEnglish |
||
| 082 | _aS | ||
| 100 | _aRodda, Emily | ||
| 245 |
_aThe Peskie spell / _cby Emily Rodda |
||
| 260 |
_aLondon _bCatnip Books _c2006 |
||
| 270 |
_aIslington Business Centre, 3-5 Islington High Street, _bLondon |
||
| 300 |
_a90 p. _c20cm(pbk) |
||
| 490 |
_aFairy realm ; _vbook. 9 |
||
| 500 | _aSequel to: The water sprites. | ||
| 500 | _aSequel: The rainbow wand. | ||
| 520 | _aReturning to the Realm, Jessie searches for the flower needed to combat a plague of mischief-causing Peskies. | ||
| 650 |
_aMagic _vFiction. |
||
| 650 |
_aFlowers _vFiction. |
||
| 650 |
_aFairies _vFiction. |
||
| 942 |
_2ddc _cCH _hS _mROD |
||
| 999 |
_c32590 _d32590 |
||